000 00353nam a2200121 a 4500
100 1 _aRao, H. V Satyanarayana.
245 1 0 _aElectrical measurements and measuring instruments; :
250 _aRevised.
260 _a[S.l.] :
_bKhanna,
_c1997.
300 _a344 p.
856 4 0 _uhttp://www.amazon.com/exec/obidos/ASIN/B0007BZXEU/chopaconline-20
942 _cBK
999 _c7941
_d7941